[Event "2017 South African Open Ch"]
[Site "Durban"]
[Date "2017.07.22"]
[Round "11"]
[White "Grover, Sahaj"]
[Black "Jacobs, Kevin T"]
[Result "1-0"]
[WhiteElo "2484"]
[BlackElo "1882"]
[Annotator "TA"]
[PlyCount "69"]
[EventDate "2017.??.??"]
[EventCountry "RSA"]
[SourceTitle "playchess.com"]
[Source "ChessBase"]
[SourceQuality "1"]

{[%evp 27,69,104,127,126,115,123,132,123,116,112,113,133,208,112,317,333,351,368,337,352,375,351,481,477,731,725,878,687,683,660,677,683,679,643,621,627,668,666,29996,29997,29997,29998,29998,29999]} 1. d4 Nf6 2. c4 c5 3. d5 e6 4. Nc3 exd5 5. cxd5 d6 6. e4 g6 7. f4 Bg7 8. Bb5+ Nfd7 9. a4 a6 10. Bd3 O-O 11. Nf3 Re8 12. O-O Nf6 13. h3 Nbd7 14. Re1 Qc7 {LiveBook: 6 Games. A67: Modern Benoni: Taimanov Variation} 15. Bc4 b5 (15... Nb6 16. Ba2 c4 17. e5 Nfd7 18. Ne4 dxe5 19. a5 exf4 20. axb6 Qxb6+ 21. Kh1 Qb4 22. Rb1 {1-0 (37) Loetscher,R (2395)-Aerni,A (2206) Basel 2013}) 16. axb5 {aiming for e5.} Nb6 {White is better.} 17. Bf1 {[%cal Rb5a6]} c4 $146 ({NOTEXT:} 17... a5 18. e5 Nh5 19. exd6 Rxe1 20. Qxe1 Qxd6 21. Qe8+ Bf8 22. Ne5 {1-0 (75) Kurpiewski,S (2212)-Brewczynski,R (2082) Mazowsze 2010}) 18. Kh2 Nfd7 19. Be3 Nc5 (19... Bxc3 $16 20. bxc3 axb5) 20. Qc2 (20. e5 $18 {Hoping for exd6.} Rd8 21. Bf2) 20... f5 $2 {[#]} (20... Bb7 $16) 21. e5 $1 $18 {[%mdl 512]} Bb7 (21... dxe5 22. Qf2) 22. bxa6 Bxa6 23. exd6 Qc8 24. Qf2 Nbd7 25. Bd4 {[%cal Be3d4,Bd4g7,Bg7c3][%mdl 32]} Ne4 (25... Bxd4 $142 26. Rxe8+ (26. Qxd4 Nb3 $11) 26... Qxe8 27. Nxd4 Qb8) 26. Nxe4 Rxe4 27. Rxe4 fxe4 28. Bxg7 exf3 29. Bc3 Qc5 30. Qxc5 Nxc5 {[#]} 31. Bxc4 $1 {[%mdl 512]} f2 {[#]} (31... Bxc4 32. Rxa8+) 32. d7 $1 Bxc4 (32... Nxd7 33. Rxa6) 33. Rxa8+ {White mates.} Kf7 34. d8=Q {[%csl Ga8][%cal Rd8f8]} f1=N+ 35. Kg1 {Precision: White = 74%, Black = 36%.} 1-0

[Event "2017 South African Open Ch"]
[Site "Durban"]
[Date "2017.07.22"]
[Round "11"]
[White "Jere, Daniel"]
[Black "Makoto, Rodwell"]
[Result "1/2-1/2"]
[WhiteElo "2380"]
[BlackElo "2372"]
[Annotator "TA"]
[PlyCount "34"]
[EventDate "2017.??.??"]
[EventCountry "RSA"]
[SourceTitle "playchess.com"]
[Source "ChessBase"]
[SourceQuality "1"]

{[%evp 13,20,6,17,-2,14,-6,13,11,3]} 1. c4 c5 2. g3 Nc6 3. Bg2 Nf6 4. Nc3 g6 5. a3 Bg7 6. Rb1 O-O 7. b4 d6 {The position is equal.} 8. Nf3 {A36: Symmetrical English vs ...g6: 4 Bg2 Bg7} Rb8 9. O-O b6 10. d3 Bb7 {Predecessor:} 11. Bf4 $146 Nh5 12. Bd2 Qd7 13. Qa4 Rbd8 14. Rfc1 Ba8 15. e3 Nf6 16. d4 cxd4 17. exd4 e6 {1-0 (42) Kovalenko,I (2684)-Kulaots,K (2556) Puhajarve 2016} 1/2-1/2

[Event "2017 South African Open Ch"]
[Site "Durban"]
[Date "2017.07.22"]
[Round "11"]
[White "Mwali, Chitumbo"]
[Black "De Abreu, Roberto N"]
[Result "0-1"]
[WhiteElo "2356"]
[BlackElo "2145"]
[Annotator "TA"]
[PlyCount "66"]
[EventDate "2017.??.??"]
[EventCountry "RSA"]
[SourceTitle "playchess.com"]
[Source "ChessBase"]
[SourceQuality "1"]

{[%evp 16,66,7,0,8,8,4,-28,-20,-28,-20,-58,23,24,27,25,32,41,43,18,27,30,57,53,57,54,57,54,86,79,77,75,64,0,0,0,91,81,97,0,0,0,0,0,7,28,28,0,0,0,14,0,-6]} 1. c4 c5 2. g3 Nc6 3. Bg2 g6 4. Nc3 Bg7 5. e4 a6 6. a4 Nf6 {[%cal Bg8f6,Bf6e8,Be8c7,Bc7e6,Be6d4][%mdl 32]} 7. Nge2 O-O 8. O-O Ne8 9. d3 Nc7 {A36: Symmetrical English vs ...g6: 4 Bg2 Bg7} 10. Be3 Ne6 11. Qd2 $146 ({Predecessor:} 11. f4 f5 12. exf5 gxf5 13. Bd5 Ncd4 14. Rb1 Rb8 15. b4 d6 16. Bf2 Kh8 17. Nxd4 Nxd4 {0-1 (55) Hug,M (2300)-Bogner,S (2511) Triesen 2009}) 11... Ned4 {Black has an edge.} 12. Ra3 d6 13. Nd5 Bg4 (13... e6 $15 14. Ndf4 Bd7) 14. Nxd4 $11 cxd4 15. Bh6 e6 16. Bxg7 Kxg7 17. Nf4 g5 18. Nh3 Bxh3 19. Bxh3 h5 20. f4 g4 21. Bg2 e5 22. fxe5 dxe5 23. Rf5 Rh8 {[%cal Bf8h8,Bh8h6,Bh6g6][%mdl 32]} 24. Ra1 ({Better is} 24. Rg5+ $14 Kf8 25. Ra1) 24... f6 25. a5 b6 {[#]} (25... Qe7 $11) 26. axb6 $1 $16 Qxb6 {[#]} 27. h3 (27. Rg5+ $1 $16 Kf7 28. Rf1) 27... Rh6 $11 28. Qe2 Ne7 {White must now prevent ...gxh3.} 29. Rf2 Rg6 30. hxg4 hxg4 31. b4 Qxb4 {The position is equal.} 32. Qa2 Qc3 33. Rb1 {Strongly threatening Bf1.} Qxd3 {[%mdl 32768] Precision: White = 58%, Black = 47%. . Loss on Time!?} 0-1

[Event "2017 South African Open Ch"]
[Site "Durban"]
[Date "2017.07.22"]
[Round "11"]
[White "Masango, Spencer"]
[Black "Kobese, Watu"]
[Result "1/2-1/2"]
[WhiteElo "2203"]
[BlackElo "2367"]
[Annotator "TA"]
[PlyCount "138"]
[EventDate "2017.??.??"]
[EventCountry "RSA"]
[SourceTitle "playchess.com"]
[Source "ChessBase"]
[SourceQuality "1"]

{[%evp 21,138,8,43,22,50,18,18,18,18,24,19,19,95,70,56,70,60,-20,0,-23,-18,-3,-8,-43,-35,-45,-53,-79,-62,-85,-77,-122,-125,-117,-106,-109,-107,-117,-102,-134,-120,-184,-187,-189,-112,-112,-113,-120,-91,-87,-84,-81,-84,-87,-61,-82,-82,-89,-84,-83,-80,-154,-150,-145,-129,-133,-125,-166,-162,-166,-144,-215,-218,-242,-239,-225,0,-190,-191,-194,-160,-308,-330,-347,-277,-297,-303,-292,-215,-219,-230,-230,-234,-300,-266,-286,-272,-288,-289,-280,-276,-246,-252,-365,-294,-266,-214,-232,0,-215,0,-334,-228,-306,-157,-162,0,-279,0]} 1. Nf3 Nf6 2. c4 g6 3. Nc3 Bg7 4. e4 d6 5. d4 O-O 6. Be2 e5 7. O-O Nc6 8. d5 Ne7 9. b4 Ne8 10. a4 f5 {E97: King's Indian: Classical Main Line (6...e5 7 0-0 Nc6): 8 Be3 and 8 d5 Ne7, not 9 Ne1} 11. Ng5 (11. a5 Nf6 12. Bg5 Nh5 13. Nd2 Nf4 14. c5 h6 15. Bxf4 exf4 16. Rc1 fxe4 17. Ndxe4 Nf5 18. Re1 {½-½ (37) Kamsky,G (2702)-Nakamura,H (2733) Saint Louis 2010}) 11... Nf6 {LiveBook: 5 Games} 12. Bf3 c6 {The position is equal.} 13. Be3 $146 ({Predecessor:} 13. Ra3 Ne8 14. Be2 h6 15. Nf3 f4 16. a5 g5 17. h3 Ng6 18. dxc6 bxc6 {1-0 (32) Sher,M (2470)-Torricelli,A (2135) Baden 1997}) 13... h6 {Strongly threatening ...f4.} 14. Ne6 Bxe6 $1 15. dxe6 fxe4 16. Nxe4 Nf5 (16... Nxe4 $11 17. Bxe4 d5) 17. Qb3 Nh4 18. Nxf6+ $1 Qxf6 19. Bg4 (19. Be4 $1 $14) 19... Nf5 (19... h5 $5 {[%cal Rh5g4]} 20. Bh3 Nf5 $15) 20. Rad1 Qxe6 21. Qd3 Rfd8 22. Rfe1 d5 23. cxd5 cxd5 24. Rc1 Qf7 25. Bd1 e4 $36 {[%mdl 2048] Black is on the roll.} 26. Qb1 Kh7 27. Bb3 Nxe3 28. fxe3 Qe7 29. Rcd1 Qe5 30. Rf1 Rd7 31. Rf4 (31. Kh1 $17) 31... Rad8 $1 $19 32. Qc2 Qc3 (32... h5 $19 {And now ...Bh6 would win.} 33. Rff1 Rc7) 33. Qxc3 $17 Bxc3 34. b5 Kg7 35. Rf2 Ba5 36. Kf1 Bb6 37. Rfd2 {[%cal Rd2d5]} d4 ({Reject} 37... Bxe3 38. Rxd5 Rxd5 39. Rxd5 $11) 38. exd4 Bxd4 39. Ke2 Kf6 40. Rf1+ Ke5 41. Rf7 ({Better is} 41. Rc2) 41... Rxf7 42. Bxf7 {[%mdl 4096] Endgame KRB-KRB} Rd6 43. Rd1 {[#]} Rd7 $1 {[%cal Rd7f7]} 44. Bb3 Rc7 45. Rd2 Rc3 46. Bd1 (46. Bf7 $17 {was worth a try.}) 46... Ra3 $19 47. Kf1 Ra1 48. Ke2 Ra3 49. Kf1 $1 e3 50. Rc2 Rxa4 {[#]} 51. Rc7 (51. Rc5+ $1 $17 {[%mdl 512]} Bxc5 52. Bxa4) 51... Ra2 {aiming for ...Rf2+.} 52. Bf3 b6 53. Ke1 Bc5 {White must now prevent ...Bb4+.} 54. Rd7 Bb4+ 55. Kd1 h5 56. Rd5+ Kf6 57. h3 Bc5 58. Ke1 a6 59. bxa6 Rxa6 60. Be2 Ra1+ 61. Rd1 Ra2 62. Rd5 (62. g3 $142) 62... Bb4+ 63. Kd1 Ra1+ 64. Kc2 Ra2+ 65. Kd1 Bc5 (65... h4 $142 66. Rd4 Rb2 67. Rf4+ Kg7) 66. Ke1 $1 Rb2 67. Kd1 Bb4 ({Black should try} 67... h4 $19 68. Rd3 Ke6) 68. Rd3 $17 Bc5 (68... Rb1+ $142 69. Kc2 Rg1 70. Rxe3 Rxg2 71. Rf3+ Ke5) 69. Rd5 $1 $19 Ra2 $2 {Precision: White = 45%, Black = 60%.} (69... h4 $19 70. Rd3 Ke5) 1/2-1/2

[Event "2017 South African Open Ch"]
[Site "Durban"]
[Date "2017.07.22"]
[Round "11"]
[White "Oatlhotse, Providence"]
[Black "Choko, Siyabonga V"]
[Result "0-1"]
[WhiteElo "2190"]
[BlackElo "1968"]
[Annotator "TA"]
[PlyCount "121"]
[EventDate "2017.??.??"]
[EventCountry "RSA"]
[SourceTitle "playchess.com"]
[Source "ChessBase"]
[SourceQuality "1"]

{[%evp 9,121,-33,-10,-28,-24,-14,0,-26,-19,-25,0,0,3,0,72,72,73,7,106,91,108,107,196,75,54,37,39,35,72,44,64,76,75,-12,0,-45,-43,-107,-112,-141,-74,-83,-20,-75,-61,-170,-115,-142,-113,-129,-105,-105,-101,-113,-96,-83,-78,-201,-201,-204,-210,-210,-216,-213,-211,-210,-196,-226,-189,-233,-169,-207,-141,-267,-253,-250,-250,-246,-233,-312,-284,-328,-321,-377,-368,-4849,-4849,-5614,-5557,-5531,-2795,-5522,-5514,-5427,-5455,-3109,-1246,-5217,-4370,-4318,-1230,-1012,0,-5081,-4133,-12821,-6191,-29984,-29980,-29989,-29990,-29991,-29992,-29993]} 1. e4 c5 2. d4 cxd4 3. c3 dxc3 4. Nxc3 e6 5. Nf3 Bb4 6. Bd3 {B21: Sicilian: 2 f4 and Morra Gambit} (6. Qd4 Bxc3+ 7. Qxc3 f6 8. Bd3 Nc6 9. O-O Nge7 10. b4 a6 11. Rd1 O-O 12. Bf4 e5 13. Bc4+ Kh8 {1-0 (66) Herbold,M (2164)-Kang,L (2220) Caleta 2013}) 6... Ne7 7. O-O O-O 8. Qe2 $146 {The position is equal.} ({Predecessor:} 8. e5 h6 9. Ne4 Ng6 10. Qc2 Be7 11. Ng3 Nh4 12. Nxh4 Bxh4 13. Qc4 Bxg3 14. fxg3 {1-0 (24) Lalieu,C-Gabrys,S (1877) Polanica Zdroj 2009}) 8... Nbc6 9. Rd1 Bxc3 10. bxc3 Qa5 11. c4 Ne5 (11... d6 $11) 12. Nxe5 $1 $16 Qxe5 13. Rb1 (13. Bb2 $16 Qc5 14. e5) 13... a6 (13... b6 $11 {keeps the balance.}) 14. f4 Qa5 15. Bd2 Qxa2 {[#]} (15... Qd8 $16 {was worth a try.}) 16. Ra1 (16. e5 $1 $18 {is the precise move to win.}) 16... Qb2 17. Rdb1 {[%mdl 1024] White has compensation.} Qd4+ 18. Be3 Qd6 19. e5 Qc7 20. Bb6 Qc6 21. Ra5 (21. Qd2 $16) 21... d5 $11 22. exd6 Qxd6 23. Rh5 ({White should try} 23. Bc5 $15 Qc7 24. Qd2) 23... f5 $17 24. Rh3 Bd7 (24... Qxf4 $142 25. Be3 Qd6) 25. Qf2 Rac8 (25... Rf7 $17 26. Bc5 Qc7) 26. c5 (26. Be2 $11 {remains equal.}) 26... Qd5 27. Qh4 (27. Rb4 $15 Nc6 28. Ra4) 27... Kf7 ({Black should play} 27... Rf6 $19 {aiming for ...Rh6.} 28. Qxh7+ Kf7) 28. Be2 {Strongly threatening Rd1.} Ng6 29. Qf2 {Black must now prevent Rd3.} Qe4 30. Rd1 Bc6 ({Not} 30... Nxf4 $2 31. Rxd7+ Kg8 32. Re3 $18) 31. Rd4 Qb1+ 32. Rd1 Qc2 33. Rxh7 {[#]} (33. Rhd3 $17) 33... Kg8 $1 $19 {[%cal Rg8h7]} 34. Rh3 {[#]} Nxf4 $1 {[%mdl 512]} 35. Qxf4 {Hoping for Qc4.} Qxe2 {[%csl Gc6][%cal Re2g2]} 36. Qd2 Qxd2 37. Rxd2 Kf7 38. Rd6 Rfe8 39. Kf2 Re7 40. Rhd3 e5 {And now ...Rh8 would win.} 41. Rd8 (41. Rg3 $17) 41... Rxd8 42. Bxd8 Rd7 43. Rxd7+ Bxd7 {[%mdl 4096] Endgame KB-KB} 44. g3 Ke6 45. Ke3 Kd5 46. Bb6 g5 47. h4 $2 (47. h3) 47... gxh4 48. gxh4 Be8 49. Bc7 f4+ 50. Kf2 Ke4 51. Ba5 Kf5 52. Ke2 e4 {[%cal Be5e4,Be4e3][%mdl 32]} 53. Kd2 e3+ 54. Kd3 Bb5+ (54... Kg4 $142 55. c6 Bxc6) 55. Kd4 Be8 $2 (55... Be2 $19 56. Bc3 Bh5) 56. Be1 $2 {[%mdl 8192]} (56. Kd3 $11 Kg4 57. c6 Bxc6 58. Be1) 56... Kg4 57. Ke4 Bg6+ 58. Ke5 f3 {Black mates.} 59. Kf6 f2 60. Bxf2 exf2 61. Kxg6 {Precision: White = 24%, Black = 53%.} 0-1

[Event "2017 South African Open Ch"]
[Site "Durban"]
[Date "2017.07.22"]
[Round "11"]
[White "Solomons, Deon"]
[Black "Mpya, Tshediso M"]
[Result "1/2-1/2"]
[WhiteElo "2120"]
[BlackElo "1897"]
[Annotator "TA"]
[PlyCount "91"]
[EventDate "2017.??.??"]
[EventCountry "RSA"]
[SourceTitle "playchess.com"]
[Source "ChessBase"]
[SourceQuality "1"]

{[%evp 19,91,-40,-42,-55,-49,-69,-14,-33,-15,-20,13,9,27,21,51,50,55,59,62,54,55,36,80,66,64,64,85,80,74,58,60,65,72,45,64,28,96,96,103,102,103,97,97,97,97,95,97,93,95,6,8,11,34,25,309,312,540,386,386,385,415,180,205,32,14,17,32,0,0,0,0,0,0,0]} 1. Nf3 d5 2. g3 Bf5 3. d3 h6 4. Bg2 Nf6 5. O-O e6 6. Nbd2 Be7 7. Qe1 O-O 8. e4 Bh7 9. Qe2 c5 10. c3 Nc6 11. Rd1 {A07: Réti Opening: New York and Capablanca Systems} Qc7 12. Ne1 $146 ({Predecessor:} 12. h4 Rad8 13. Ne1 b5 14. e5 Qxe5 15. Qf1 Qc7 16. Ndf3 c4 17. d4 Ne4 18. Nd2 Nxd2 19. Bxd2 {0-1 (42) Sharma,R (2335)-Megaranto,S (2375) Negombo 2003}) 12... dxe4 ({Better is} 12... b5 $15) 13. Nxe4 Rfd8 14. Be3 Nxe4 15. dxe4 a6 16. f4 {[%cal Bf2f4,Bf4f5][%mdl 32]} e5 17. f5 Rxd1 18. Rxd1 Rd8 19. Bf1 {[%cal Bg2f1,Bf1c4,Bc4d5][%mdl 32]} Kf8 20. Rxd8+ Qxd8 21. Qf2 Qd6 22. Bc4 Nb8 23. Bd5 b6 24. Nd3 Bg5 25. Bxg5 hxg5 26. g4 Nd7 27. Qg3 c4 (27... b5 $11 {keeps the balance.}) 28. Bxc4 $16 b5 29. Bd5 Bg8 30. Qe3 f6 31. Bxg8 Kxg8 32. Kf2 a5 33. Ke2 Qc6 34. Kf3 ({White should play} 34. h3 $16) 34... Qc4 $11 35. a3 {[%cal Ba2a3,Ba3b4][%mdl 32]} Qb3 (35... Nb6 $5) 36. Qd2 b4 $2 {[%mdl 8192] [#]} (36... Nb6 $11 {and Black has nothing to worry.}) 37. axb4 $18 a4 $2 (37... axb4 38. Nxb4 Qa4) 38. Nc1 Qc4 39. Qd3 ({Weaker is} 39. Qxd7 Qf1+ 40. Ke3 Qxc1+ 41. Qd2 Qg1+ 42. Kd3 Qb1+ 43. Ke3 Qg1+ 44. Kd3 Qb1+ 45. Ke3 Qg1+ $16) 39... Nb6 40. Qd8+ (40. Qxc4+ $142 Nxc4 41. b3) 40... Kh7 {[#] aiming for ...Qf1+.} 41. Qxb6 $2 (41. Nd3 $18) 41... Qf1+ $14 42. Qf2 Qxc1 43. Kg2 Qd1 {The position is equal.} 44. h3 Qd3 45. Kh2 Qxe4 46. Kg3 {Precision: White = 36%, Black = 47%.} 1/2-1/2

[Event "2017 South African Open Ch"]
[Site "Durban"]
[Date "2017.07.22"]
[Round "11"]
[White "Bhawoodien, Mohamed Ozayr"]
[Black "Mwale Joseph"]
[Result "1-0"]
[WhiteElo "2103"]
[BlackElo "2159"]
[Annotator "NA"]
[PlyCount "186"]
[EventDate "2017.??.??"]
[EventCountry "RSA"]
[SourceTitle "playchess.com"]
[Source "ChessBase"]
[SourceQuality "1"]
[TimeControl "5400+30"]

1. d4 {[%emt 0:05:06]} Nf6 {[%emt 0:00:04]} 2. c4 {[%emt 0:00:13]} e6 {[%emt 0:00:05]} 3. Nc3 {[%emt 0:00:36]} Bb4 {[%emt 0:00:05]} 4. e3 {[%emt 0:00:03]} d5 {[%emt 0:00:20]} 5. a3 {[%emt 0:00:49]} Bxc3+ {[%emt 0:00:18]} 6. bxc3 {[%emt 0:00:02]} c5 {[%emt 0:00:15]} 7. cxd5 {[%emt 0:01:28]} exd5 {[%emt 0:00:28]} 8. Bd3 {[%emt 0:01:38]} O-O {[%emt 0:00:05]} 9. Ne2 {[%emt 0:03:33]} Nc6 {[%emt 0:00:24]} 10. O-O {[%emt 0:02:09]} c4 {[%emt 0:00:58]} 11. Bc2 {[%emt 0:00:44] E49: Nimzo-Indian: Rubinstein: 5 Bd3 d5 6 a3 Bxc3+ 7 bxc3} b5 {[%emt 0:01:06] LiveBook: 4 Games} 12. Ng3 {[%emt 0:02:19]} a5 {[%emt 0:03:18]} 13. e4 {[%emt 0:03:03]} dxe4 $146 {[%emt 0:01:58]} ({Predecessor:} 13... Bg4 14. f3 Be6 15. Bg5 h6 16. Bxf6 Qxf6 17. f4 dxe4 18. Nxe4 Qf5 {1-0 (36) Flores,D (2588)-Cunha,L (2327) Mar del Plata 2016}) 14. Nxe4 {[%emt 0:04:21]} Bf5 {[%emt 0:02:40]} (14... Nd5 $14) 15. Bg5 {[%emt 0:01:57]} Bxe4 {[%emt 0:00:42]} 16. Bxe4 {[%emt 0:00:21]} Rc8 {[%emt 0:05:26]} 17. Bxf6 {[%emt 0:16:16]} Qxf6 {[%emt 0:00:16]} 18. Qh5 {[%emt 0:00:05]} g6 {[%emt 0:01:24]} 19. Qxb5 {[%emt 0:00:09]} h5 {[%emt 0:03:23]} 20. a4 {[%emt 0:08:33]} h4 {[%emt 0:03:04]} 21. h3 {[%emt 0:01:36]} Nd8 {[%emt 0:02:52]} 22. Bd5 {[%emt 0:05:59]} Ne6 {[%emt 0:02:22]} 23. Bxe6 {[%emt 0:00:11]} Qxe6 {[%emt 0:00:04]} 24. Rfe1 {[%emt 0:01:30]} Qc6 {[%emt 0:00:51]} 25. Qxa5 {[%emt 0:00:44]} Rb8 {[%emt 0:03:55]} 26. Rab1 {[%emt 0:04:35]} Rxb1 {[%emt 0:03:19]} 27. Rxb1 {[%emt 0:00:03]} Qe4 {[%emt 0:00:01]} 28. Qb4 {[%emt 0:09:38]} Rd8 {[%emt 0:09:25]} 29. a5 {[%emt 0:03:56]} Rd5 {[%emt 0:00:12]} 30. Qb7 {[%emt 0:00:12]} Qf5 {[%emt 0:00:15]} 31. Ra1 $2 {[%emt 0:04:04]} (31. a6 $18 {has better winning chances.} Ra5 32. Rf1) 31... Rxa5 {[%emt 0:02:18]} 32. Rxa5 {[%emt 0:00:16]} Qxa5 {[%emt 0:00:03]} 33. Qc8+ {[%emt 0:00:08]} Kg7 {[%emt 0:00:14]} 34. Qxc4 {[%emt 0:00:36]} Qa1+ {[%emt 0:00:05]} 35. Kh2 {[%emt 0:00:25]} Qe1 {[%emt 0:00:03]} 36. Qc7 {[%emt 0:07:44]} Qxf2 {[%emt 0:00:03]} 37. d5 {[%emt 0:01:39]} Kh6 {[%emt 0:02:26]} 38. Qe5 {[%emt 0:04:08]} ({Only move:} 38. c4 $18) 38... f6 $1 {[%emt 0:01:52]} 39. Qd6 {[%emt 0:02:42]} Qe3 {[%emt 0:34:35]} 40. Qxf6 {[%emt 0:02:06]} Qg3+ {[%emt 0:00:08]} 41. Kg1 {[%emt 0:00:06]} Qe1+ {[%emt 0:02:14]} 42. Qf1 {[%emt 0:00:10]} Qxc3 {[%emt 0:00:05]} 43. Qd1 {[%emt 0:00:52]} Qc5+ {[%emt 0:02:07]} 44. Kh1 {[%emt 0:00:58]} Qd6 {[%emt 0:00:27]} 45. Qd4 {[%emt 0:00:24]} g5 {[%emt 0:01:13]} 46. Kg1 $1 {[%emt 0:01:36]} Kg6 {[%emt 0:01:18]} 47. Kf2 {[%emt 0:01:24]} Kf5 {[%emt 0:01:42]} 48. Ke2 {[%emt 0:00:26]} Kg6 {[%emt 0:01:31]} 49. Kd2 {[%emt 0:01:37]} Kf5 {[%emt 0:02:06]} 50. Kc2 {[%emt 0:00:47]} Kg6 {[%emt 0:01:48]} 51. Qe4+ {[%emt 0:00:34]} Kf6 {[%emt 0:00:10] [#]} 52. Kb3 {[%emt 0:00:35]} (52. Kd2 $1 $16) 52... Qb8+ $2 {[%emt 0:01:18] [#]} (52... Qa6 $11 {and Black has nothing to worry.}) 53. Qb4 $1 {[%emt 0:00:16]} Qa8 {[%emt 0:02:02]} 54. Qd6+ {[%emt 0:00:32]} Kg7 {[%emt 0:00:44]} 55. Qe7+ {[%emt 0:00:24]} Kg6 {[%emt 0:00:22]} 56. Qe6+ {[%emt 0:00:36]} Kg7 {[%emt 0:00:19]} 57. Qd7+ {[%emt 0:00:14]} Kg8 {[%emt 0:01:20]} 58. Qc6 {[%emt 0:00:49]} Qb8+ {[%emt 0:00:12]} 59. Kc2 {[%emt 0:00:16]} Qg3 {[%emt 0:02:30]} 60. d6 {[%emt 0:00:23]} Qf2+ {[%emt 0:02:27]} 61. Kb3 {[%emt 0:00:13]} Qe3+ {[%emt 0:00:10]} 62. Kb4 {[%emt 0:00:20]} Qd2+ {[%emt 0:00:37]} 63. Kb5 {[%emt 0:00:21]} Qb2+ {[%emt 0:00:28]} 64. Ka6 {[%emt 0:00:29]} Qa3+ {[%emt 0:00:50]} 65. Kb7 {[%emt 0:00:16]} Qb3+ {[%emt 0:00:17]} 66. Kc7 {[%emt 0:00:19]} Qg3 {[%emt 0:02:30]} 67. Kc8 {[%emt 0:00:23]} Qe5 {[%emt 0:00:04]} 68. d7 {[%emt 0:00:39]} Qf5 {[%emt 0:00:01]} 69. Kb7 {[%emt 0:00:39]} Qf7 {[%emt 0:00:35]} 70. Kc8 {[%emt 0:01:13]} Qf5 {[%emt 0:00:04]} 71. Kb8 {[%emt 0:00:31]} Qe5+ {[%emt 0:00:14]} 72. Qc7 {[%emt 0:01:16]} Qb5+ {[%emt 0:00:15]} 73. Kc8 {[%emt 0:00:29]} (73. Ka8 Qa4+ 74. Qa7 Qe4+ 75. Qb7 Qa4+ 76. Kb8 Qa5 77. Qc8+ Kf7) 73... Qa6+ {[%emt 0:01:46]} 74. Qb7 {[%emt 0:00:32]} Qe6 {[%emt 0:00:49]} 75. Kc7 {[%emt 0:00:33]} Qe5+ $1 {[%emt 0:00:26]} 76. Kb6 {[%emt 0:00:26]} Qd4+ {[%emt 0:00:39]} 77. Ka5 {[%emt 0:00:28]} (77. Kc7 Qf4+ 78. Kc8 $18) 77... Qa1+ {[%emt 0:00:43]} 78. Kb5 {[%emt 0:00:10]} Qe5+ {[%emt 0:00:27]} 79. Kc4 {[%emt 0:00:14]} Qe2+ {[%emt 0:00:48]} 80. Kd4 {[%emt 0:00:39]} Qd2+ {[%emt 0:00:34]} 81. Ke5 {[%emt 0:00:35]} Qf4+ {[%emt 0:00:02]} 82. Ke6 {[%emt 0:00:03]} Qf7+ {[%emt 0:00:02]} 83. Kd6 {[%emt 0:00:08]} Qf6+ {[%emt 0:00:17]} 84. Kc7 {[%emt 0:00:06]} Qe5+ {[%emt 0:00:45]} 85. Kc8 {[%emt 0:00:27]} Qc5+ $2 {[%emt 0:00:55]} (85... Qf5 $18) 86. Qc7 {[%emt 0:00:15]} Qf5 {[%emt 0:00:05]} 87. Qc4+ {[%emt 0:00:34]} Kf8 {[%emt 0:01:23]} 88. Qb4+ {[%emt 0:00:17]} Kg8 {[%emt 0:00:20]} 89. Qb3+ {[%emt 0:00:12]} Kg7 {[%emt 0:00:02]} 90. Qc3+ {[%emt 0:01:39]} Kg8 {[%emt 0:00:37]} 91. Kc7 {[%emt 0:00:00]} Qf7 {[%emt 0:01:11]} 92. Qd4 {[%emt 0:00:00]} Kh7 {[%emt 0:00:04]} 93. Qe4+ {[%emt 0:00:04]} Kg7 $18 {[%emt 0:01:05]} (93... Kh6) 1-0